Statistics for Peru's World Cup Team 2018

Click here to take the quiz!

General Stats

  • This quiz has been taken 83 times
  • The average score is 14 of 23

Answer Stats

Jersey NumberPlayer% Correct
9Paolo Guerrero
96%
1Pedro Gallese
87%
10Jefferson Farfán
85%
17Luis Advincula
82%
8Christian Cueva
76%
18Andre Carrillo
75%
20Edison Flores
75%
19Yoshimar Yotún
70%
6Miguel Trauco
67%
13Renato Tapia
67%
3Aldo Corzo
64%
11Raúl Ruidiaz
64%
2Alberto Rodriguez
63%
15Christian Ramos
63%
12Carlos Cáceda
54%
23Pedro Aquino
48%
4Anderson Santamaría
45%
21José Carvallo
45%
22Nilson Loyola
36%
7Paolo Hurtado
36%
14Andy Polo
34%
5Miguel Araujo
34%
16Wilder Cartagena
28%

Score Distribution

Percentile by Number Answered

Percent of People with Each Score

Your Score History

You have not taken this quiz